Puntos de partida para un plan estratégico de la Secretaría de la gestión pública de la provincia de San Juan (Registro nro. 31545)
[ vista simple ]
| 000 -LEADER | |
|---|---|
| fixed length control field | 00392 a2200109 4500 |
| 001 - CONTROL NUMBER | |
| control field | ART_30459 |
| 005 - DATE AND TIME OF LATEST TRANSACTION | |
| control field | 20260410162004.0 |
| 008 - FIXED-LENGTH DATA ELEMENTS--GENERAL INFORMATION | |
| fixed length control field | 260409a |
| 100 1# - MAIN ENTRY--PERSONAL NAME | |
| Personal name | Cao, Horacio |
| 245 10 - TITLE STATEMENT | |
| Title | Puntos de partida para un plan estratégico de la Secretaría de la gestión pública de la provincia de San Juan |
| 773 0# - HOST ITEM ENTRY | |
| Title | Boletín Informativo ASAP |
| Related parts | - Nº 43 (oct. 2009) |
| Record control number | REV30391 |
No hay ítems disponibles.